000 00572nam a2200229Ia 4500
003 OSt
005 20220923230136.0
006 a|||||r|||| 00| 0
007 ta
008 Pun
024 _a277,740
037 _cTextual
040 _aARTS
_cARTS
_bPun
041 _2Pun
_aPun
082 _aQ8441w, 153H9
100 _aਸਿੰਘ, ਅਮਰ
245 0 _aਸਿਖ ਜੀਵਨੀਆਂ
260 _c1949
650 _aਪੰਜਾਬੀ ਸਾਹਿਤ
942 _hQ8441w, 153H9
_cTEXL
_2CC
999 _c382792
_d382792